| 000 | 00724nam a22002177a 4500 | ||
|---|---|---|---|
| 003 | UA-OsUOA | ||
| 001 | 126948 | ||
| 007 | ta | ||
| 008 | 20171113b un ||||| |||| 00| 0 ukr d | ||
| 100 | _aНємцев С.О. | ||
| 090 |
_a902 _bН59 |
||
| 942 | _cSA | ||
| 040 |
_aUA-OsUOA _bukr _cUA-OsUOA _dUA-OsUOA |
||
| 245 | _aТоргівля товарами в керамічній тарі в ІV ст. до н.е. (процедура порівняння статистичних показників імпорту) | ||
| 300 | _aС.24-37 | ||
| 955 | _a0 | ||
| 041 | _aukr | ||
| 080 | _a902 | ||
| 773 | 0 |
_w126943 _tАрхеологія _dК. _d2017 _g3 |
|
| 650 | 7 |
_a9 Географія. Біографії. Історія _2UDC |
|
| 999 |
_c414114 _d414114 |
||